[Event "IECC Swiss email"]
[Site "IECC email"]
[Date "2002.06.13"]
[Round "?"]
[White "Exojo, Antonio"]
[Black "Gorissen, Peter"]
[Result "0-1"]
[WhiteElo "1740"]
[BlackElo "1526"]
[PlyCount "50"]
[EventDate "2002.??.??"]
[EventType "tourn (corr)"]
[EventRounds "6"]
[SourceTitle "Corr 2008"]
[Source "ChessBase"]
[SourceDate "2008.06.24"]
[SourceVersion "1"]
[SourceVersionDate "2008.06.24"]
[SourceQuality "1"]

1. e4 e5 2. Nf3 Nf6 3. Bd3 d6 4. Nc3 Be7 5. b3 0-0 6. Ng5 c6 7. g3 d5 8. exd5 cxd5 9. Bxh7+ Nxh7 10. Nxh7 Kxh7 11. d3 Nc6 12. Qh5+ Kg8 13. 0-0 g6 14. Qh6 Nd4 15. f4 Nf5 16. Qh3 Bc5+ 17. Rf2 Bxf2+ 18. Kxf2 Qb6+ 19. Ke1 Ne3 20. Na4 Nxc2+ 21. Kd2 Qf2+ 22. Kc3 Bxh3 23. Rb1 Rac8+ 24. Kb2 Qd4+ 25. Nc3 Qxc3# 0-1

[Event "IECC KO email"]
[Site "IECC email"]
[Date "2000.12.30"]
[Round "?"]
[White "Suc, Timothy"]
[Black "Exojo, Antonio"]
[Result "1-0"]
[WhiteElo "1878"]
[BlackElo "1750"]
[PlyCount "33"]
[EventDate "2000.??.??"]
[EventType "tourn (corr)"]
[EventRounds "6"]
[SourceTitle "Corr 2008"]
[Source "ChessBase"]
[SourceDate "2008.06.24"]
[SourceVersion "1"]
[SourceVersionDate "2008.06.24"]
[SourceQuality "1"]

1. e4 e5 2. f4 Nc6 3. Nf3 d6 4. Bb5 a6 5. Bxc6+ bxc6 6. d3 c5 7. 0-0 exf4 8. Bxf4 h6 9. Nc3 g5 10. Bg3 g4 11. Nh4 Be7 12. Nf5 Bf6 13. Qxg4 h5 14. Qf3 h4 15. Bxh4 Bxh4 16. Ng7+ Kf8 17. Qxf7# 1-0